The UFO magazine UFO encyclopedia / (Record no. 1166)
[ view plain ]
| 000 -LEADER | |
|---|---|
| fixed length control field | 01041cam a22003137a 4500 |
| 005 - DATE AND TIME OF LATEST TRANSACTION | |
| control field | 20260322212049.0 |
| 008 - FIXED-LENGTH DATA ELEMENTS--GENERAL INFORMATION | |
| fixed length control field | data |
| 010 ## - LIBRARY OF CONGRESS CONTROL NUMBER | |
| LC control number | 2004299025 |
| 020 ## - INTERNATIONAL STANDARD BOOK NUMBER | |
| International Standard Book Number | 0743466748 (pbk.) |
| 020 ## - INTERNATIONAL STANDARD BOOK NUMBER | |
| International Standard Book Number | 9780743466745 (pbk.) |
| 040 ## - CATALOGING SOURCE | |
| Original cataloging agency | JRS |
| Transcribing agency | JRS |
| Modifying agency | DLC |
| 042 ## - AUTHENTICATION CODE | |
| Authentication code | lccopycat |
| 050 00 - LIBRARY OF CONGRESS CALL NUMBER | |
| Classification number | TL789.16 |
| Item number | .U36 2004 |
| 082 04 - DEWEY DECIMAL CLASSIFICATION NUMBER | |
| Classification number | 001.942 |
| Edition information | 22 |
| 099 ## - LOCAL FREE-TEXT CALL NUMBER (OCLC) | |
| Classification number | 001.942 ufo 2004 |
| 001 - CONTROL NUMBER | |
| control field | data |
| 245 04 - TITLE STATEMENT | |
| Title | The UFO magazine UFO encyclopedia / |
| Statement of responsibility, etc. | edited by William J. Birnes. |
| 246 10 - VARYING FORM OF TITLE | |
| Title proper/short title | UFO encyclopedia |
| 250 ## - EDITION STATEMENT | |
| Edition statement | 1st Pocket Books trade pbk. ed. |
| 260 ## - PUBLICATION, DISTRIBUTION, ETC. | |
| Place of publication, distribution, etc. | New York : |
| Name of publisher, distributor, etc. | Pocket Books, |
| Date of publication, distribution, etc. | 2004. |
| 300 ## - PHYSICAL DESCRIPTION | |
| Extent | xx, 363 p. : |
| Other physical details | ill. ; |
| Dimensions | 22 cm. |
| 500 ## - GENERAL NOTE | |
| General note | Includes index. |
| 650 #0 - SUBJECT ADDED ENTRY--TOPICAL TERM | |
| Topical term or geographic name entry element | Unidentified flying objects |
| Form subdivision | Encyclopedias. |
| 650 #0 - SUBJECT ADDED ENTRY--TOPICAL TERM | |
| Topical term or geographic name entry element | Human-alien encounters |
| Form subdivision | Encyclopedias. |
| 700 1# - ADDED ENTRY--PERSONAL NAME | |
| Personal name | Birnes, William J. |
| 730 0# - ADDED ENTRY--UNIFORM TITLE | |
| Uniform title | UFO. |
| 856 42 - ELECTRONIC LOCATION AND ACCESS | |
| Materials specified | Contributor biographical information |
| Uniform Resource Identifier | <a href="http://www.loc.gov/catdir/bios/simon053/2004299025.html">http://www.loc.gov/catdir/bios/simon053/2004299025.html</a> |
| 856 42 - ELECTRONIC LOCATION AND ACCESS | |
| Materials specified | Publisher description |
| Uniform Resource Identifier | <a href="http://www.loc.gov/catdir/description/simon052/2004299025.html">http://www.loc.gov/catdir/description/simon052/2004299025.html</a> |
| Withdrawn status | Lost status | Damaged status | Not for loan | Home library | Current library | Shelving location | Date acquired | Total checkouts | Full call number | Barcode | Date last seen | Price effective from | Koha item type |
|---|---|---|---|---|---|---|---|---|---|---|---|---|---|
| Troy | Troy | General stacks | 22/03/2026 | 001.942 22 | BC0011204 | 22/03/2026 | 22/03/2026 | Books |